000 00407nam a2200145Ia 4500
008 090124s9999 xx 000 0 und d
082 _b201369
245 _a कोंबडयाचे रोग
250 _a1
260 _bवैद्य वसंत
_c1970
300 _a68
630 _a कोंबडयाचे रोग
730 _a कोंबडयाचे रोग
942 _cBOOK
999 _c182950
_d182950